[Event "Rheinland Pfalz Seniors op"]
[Site "Altenkirchen"]
[Date "2023.09.08"]
[Round "4"]
[White "Meyer, Armin"]
[Black "Stuemer, Paul"]
[Result "1/2-1/2"]
[WhiteElo "2197"]
[BlackElo "2031"]
[PlyCount "65"]
[EventDate "2023.09.05"]
[EventType "swiss"]
[EventRounds "9"]
[EventCountry "GER"]
[SourceTitle "EXT 2024"]
[Source "ChessBase"]
[SourceDate "2023.10.10"]
[SourceVersion "1"]
[SourceVersionDate "2023.10.10"]
[SourceQuality "1"]

1. Nf3 Nf6 2. c4 g6 3. Nc3 Bg7 4. e4 0-0 5. d4 d6 6. Be3 a6 7. h3 Nc6 8. d5 Ne5 9. Nxe5 dxe5 10. Be2 Bd7 11. a4 Ne8 12. Qc2 f5 13. f3 Nf6 14. g4 e6 15. dxe6 Bxe6 16. exf5 gxf5 17. gxf5 Bd7 18. 0-0-0 Qe8 19. Bd3 Kh8 20. Be4 Bc6 21. Rhg1 Bxe4 22. fxe4 Qh5 23. Bc5 Bh6+ 24. Kb1 Rf7 25. Rd3 Re8 26. Qd1 Qxd1+ 27. Rgxd1 Rg8 28. Rd8 Rxd8 29. Rxd8+ Kg7 30. a5 Bg5 31. Kc2 Nd7 32. Rxd7 Rxd7 33. Nd5 1/2-1/2

[Event "Rheinland Pfalz Seniors op"]
[Site "Altenkirchen"]
[Date "2023.09.06"]
[Round "2"]
[White "Meyer, Armin"]
[Black "Petri, Wolfgang"]
[Result "1-0"]
[WhiteElo "2197"]
[BlackElo "1979"]
[PlyCount "47"]
[EventDate "2023.09.05"]
[EventType "swiss"]
[EventRounds "9"]
[EventCountry "GER"]
[SourceTitle "EXT 2024"]
[Source "ChessBase"]
[SourceDate "2023.10.10"]
[SourceVersion "1"]
[SourceVersionDate "2023.10.10"]
[SourceQuality "1"]

1. Nf3 c5 2. c4 g6 3. e4 Bg7 4. d4 cxd4 5. Nxd4 Nc6 6. Be3 Nf6 7. Nc3 0-0 8. Be2 d6 9. 0-0 Nxd4 10. Bxd4 Bd7 11. Qd2 Bc6 12. f3 Nh5 13. Be3 Nf6 14. b4 b6 15. Rab1 Rc8 16. a4 Ba8 17. Rfc1 Nd7 18. Nd5 e6 19. Nc3 d5 20. cxd5 exd5 21. Nxd5 Rxc1+ 22. Rxc1 Bxd5 23. Qxd5 Qe7 24. Rd1 1-0

[Event "Oberliga NRW 2122"]
[Site "Germany"]
[Date "2022.04.10"]
[Round "8.6"]
[White "Meyer, Armin"]
[Black "Schmidt, Bodo"]
[Result "1/2-1/2"]
[WhiteElo "2247"]
[BlackElo "2273"]
[PlyCount "101"]
[EventDate "2021.10.31"]
[EventType "team-tourn"]
[EventRounds "9"]
[EventCountry "GER"]
[SourceTitle "EXT 2023"]
[Source "ChessBase"]
[SourceDate "2022.10.05"]
[SourceVersion "1"]
[SourceVersionDate "2022.10.05"]
[SourceQuality "1"]
[WhiteTeam "Essen Katernberg"]
[BlackTeam "Siegburg"]
[WhiteTeamCountry "GER"]
[BlackTeamCountry "GER"]

1. c4 c6 2. g3 d5 3. Bg2 Nf6 4. Nf3 Bg4 5. Ne5 Be6 6. d4 Nbd7 7. b3 dxc4 8. Nxc4 Bd5 9. 0-0 Bxg2 10. Kxg2 Nb6 11. Ne5 Qd5+ 12. Kg1 Rd8 13. Bb2 h5 14. f3 Qe6 15. e4 g6 16. Na3 Bg7 17. Qc2 Nh7 18. f4 0-0 19. Nac4 Nxc4 20. bxc4 f5 21. d5 cxd5 22. exd5 Qa6 23. Kh1 Rf6 24. Nd3 Rc8 25. Bxf6 Rxc4 26. Qb3 Bxf6 27. Ne5 Bxe5 28. fxe5 Ng5 29. a4 b6 30. Qd3 Qc8 31. Qe3 Nf7 32. e6 Nd6 33. Rfc1 Kg7 34. Kg1 Ne4 35. a5 b5 36. Rxc4 Qxc4 37. Qxa7 Qc3 38. Qxe7+ Kh6 39. Qa3 Qd4+ 40. Kg2 Qd2+ 41. Kg1 Qd4+ 42. Kh1 Nf2+ 43. Kg2 Ng4 44. Qc1+ g5 45. Qg1 Qxd5+ 46. Kf1 Qd3+ 47. Ke1 Qc3+ 48. Ke2 Qc2+ 49. Ke1 Qc3+ 50. Ke2 Qc2+ 51. Ke1 1/2-1/2

[Event "NRW Verbandsklasse Group2 1314"]
[Site "Nordrheinwestfalen"]
[Date "2014.04.06"]
[Round "9"]
[White "Mewes, Karsten"]
[Black "Meyer, Armin"]
[Result "1/2-1/2"]
[WhiteElo "1961"]
[BlackElo "1938"]
[PlyCount "35"]
[EventDate "2013.09.08"]
[EventType "team-tourn"]
[EventRounds "9"]
[EventCountry "GER"]
[SourceTitle "EXT 2020"]
[Source "ChessBase"]
[SourceDate "2019.10.17"]
[SourceVersion "1"]
[SourceVersionDate "2019.10.17"]
[SourceQuality "1"]
[WhiteTeam "Castrop Rauxel II"]
[BlackTeam "Horst Emscher II"]
[WhiteTeamCountry "GER"]
[BlackTeamCountry "GER"]

1. Nf3 Nf6 2. c4 g6 3. Nc3 d5 4. cxd5 Nxd5 5. e4 Nxc3 6. dxc3 Qxd1+ 7. Kxd1 Bg7 8. Bc4 0-0 9. Bf4 c6 10. a4 Bg4 11. Kc2 Bxf3 12. gxf3 Nd7 13. Rad1 Nf6 14. Be3 b6 15. Rd2 Rfd8 16. Rhd1 Rxd2+ 17. Rxd2 Kf8 18. b4 1/2-1/2

[Event "NRW Verbandsklasse Group2 1314"]
[Site "Nordrheinwestfalen"]
[Date "2013.09.08"]
[Round "1.5"]
[White "Thormann, Olaf"]
[Black "Meyer, Armin"]
[Result "1/2-1/2"]
[WhiteElo "1785"]
[BlackElo "1938"]
[PlyCount "21"]
[EventDate "2013.09.08"]
[EventType "team-tourn"]
[EventRounds "9"]
[EventCountry "GER"]
[SourceTitle "EXT 2020"]
[Source "ChessBase"]
[SourceDate "2019.10.17"]
[SourceVersion "1"]
[SourceVersionDate "2019.10.17"]
[SourceQuality "1"]
[WhiteTeam "Doppelbauer Brambauer II"]
[BlackTeam "Horst Emscher II"]
[WhiteTeamCountry "GER"]
[BlackTeamCountry "GER"]

1. e4 e6 2. Nc3 d5 3. exd5 exd5 4. d4 Nf6 5. Nf3 Bb4 6. Bd3 0-0 7. 0-0 Bg4 8. Bg5 Be7 9. Re1 Nc6 10. Be2 Re8 11. Ne5 1/2-1/2

[Event "Ruhrgebiet VL2 0910"]
[Site "Germany"]
[Date "2010.02.21"]
[Round "7.7"]
[White "Meyer, Armin"]
[Black "Berg, Dietmar"]
[Result "1-0"]
[WhiteElo "1952"]
[BlackElo "2079"]
[PlyCount "57"]
[EventDate "2009.09.06"]
[EventType "team-tourn"]
[EventRounds "9"]
[EventCountry "GER"]
[SourceTitle "EXT 2011"]
[Source "ChessBase"]
[SourceDate "2010.11.26"]
[SourceVersion "1"]
[SourceVersionDate "2010.11.26"]
[SourceQuality "1"]
[WhiteTeam "Horst Emscher II"]
[BlackTeam "Gladbeck SG"]
[WhiteTeamCountry "GER"]
[BlackTeamCountry "GER"]

1. e4 c5 2. Nf3 d6 3. d4 cxd4 4. Nxd4 Nf6 5. Nc3 a6 6. f3 e5 7. Nb3 Be6 8. Be3 Be7 9. Qd2 Nbd7 10. Bd3 Nb6 11. 0-0 d5 12. exd5 Nbxd5 13. Nxd5 Nxd5 14. Rad1 Nxe3 15. Qxe3 Qc7 16. Kh1 Rd8 17. Rfe1 Bd6 18. c4 Qb8 19. Nd2 e4 20. Nxe4 Bxh2 21. Nc5 Bf4 22. Qe4 Qd6 23. Nxb7 Qe7 24. Qxf4 Qxb7 25. Be4 Qb8 26. Bc6+ Kf8 27. Rxd8+ Qxd8 28. Rxe6 Qc8 29. Re8+ 1-0

[Event "NRW Class2 0607"]
[Site "Germany"]
[Date "2007.04.15"]
[Round "8.3"]
[White "Meyer, Armin"]
[Black "Boehle, Lars"]
[Result "1/2-1/2"]
[WhiteElo "2257"]
[BlackElo "2268"]
[PlyCount "24"]
[EventDate "2006.09.17"]
[EventType "team-tourn"]
[EventRounds "9"]
[EventCountry "GER"]
[SourceTitle "EXT 2008"]
[Source "ChessBase"]
[SourceDate "2007.11.25"]
[SourceVersion "1"]
[SourceVersionDate "2007.11.25"]
[SourceQuality "1"]
[WhiteTeam "Katernberg II"]
[BlackTeam "Bochum 31 II"]
[WhiteTeamCountry "GER"]
[BlackTeamCountry "GER"]

1. d4 Nf6 2. c4 e6 3. g3 Bb4+ 4. Bd2 a5 5. Bg2 d6 6. Nf3 Nbd7 7. 0-0 e5 8. Nc3 0-0 9. a3 Bxc3 10. Bxc3 Qe7 11. b3 Re8 12. e3 e4 1/2-1/2

[Event "NRW Class2 0405"]
[Site "Germany"]
[Date "2005.02.20"]
[Round "7.3"]
[White "Stark, Lars"]
[Black "Meyer, Armin"]
[Result "0-1"]
[WhiteElo "2305"]
[BlackElo "2280"]
[PlyCount "176"]
[EventDate "2004.10.10"]
[EventType "team"]
[EventRounds "9"]
[EventCountry "GER"]
[SourceTitle "EXT 2006"]
[Source "ChessBase"]
[SourceDate "2005.11.24"]
[SourceVersion "1"]
[SourceVersionDate "2005.11.24"]
[SourceQuality "1"]
[WhiteTeam "Duesseldorf"]
[BlackTeam "Katernberg II"]
[WhiteTeamCountry "GER"]
[BlackTeamCountry "GER"]

1. c4 c6 2. g3 d5 3. Bg2 e5 4. Qc2 Nf6 5. d3 Bd6 6. Nf3 0-0 7. 0-0 Re8 8. Bg5 dxc4 9. Qxc4 h6 10. Be3 Be6 11. Qc2 Nbd7 12. Nc3 Nd5 13. Bd2 Rc8 14. Rac1 Bf8 15. a3 f6 16. Rfd1 Nc5 17. Ne4 Na6 18. Be1 c5 19. Nfd2 Qd7 20. Nc4 b6 21. Ned2 Nb8 22. Nf3 Nc6 23. e3 Nc7 24. Qb1 Red8 25. b4 b5 26. Nb2 cxb4 27. axb4 Nxb4 28. d4 Ba2 29. Qg6 Qe8 30. Qxe8 Rxe8 31. dxe5 fxe5 32. Ra1 Bb3 33. Rdc1 a6 34. Bh3 Be6 35. Bxe6+ Rxe6 36. Bxb4 Bxb4 37. Nd3 Be7 38. Nc5 Rc6 39. Nb3 Ne6 40. Rd1 Bf6 41. Nfd2 Kf7 42. Ne4 Ke7 43. h4 Rd8 44. Rdb1 Ra8 45. Rd1 Rc4 46. Nbd2 Rb4 47. Nc3 Nc7 48. Ra5 Rd8 49. Kf1 Rd3 50. Ne2 Kd8 51. Ke1 Kc8 52. Nc1 Rd8 53. Ncb3 Kb7 54. Rc1 Ne6 55. Ra2 Rd6 56. Ke2 Bd8 57. f4 exf4 58. gxf4 Bxh4 59. f5 Nc7 60. Nc5+ Kb6 61. Rac2 Bd8 62. Nce4 Rd5 63. Rc6+ Kb7 64. Nd6+ Kb8 65. e4 Rxd2+ 66. Kxd2 Bg5+ 67. Kc3 Rxe4 68. Rb6+ Ka8 69. Nxe4 Bxc1 70. Kd4 Be3+ 71. Kxe3 Nd5+ 72. Kd4 Nxb6 73. Ng3 Kb7 74. Nh5 a5 75. Nxg7 Nd7 76. Ne8 h5 77. Kd5 h4 78. Nd6+ Kb6 79. Ke6 Nf8+ 80. Kd5 h3 81. Ne4 h2 82. Nf2 a4 83. Kd4 Nh7 84. Nh1 a3 85. Kc3 Kc5 86. Nf2 Kd5 87. Kb3 b4 88. Ka2 Kd4 0-1

[Event "NRW Class1 0304"]
[Site "Germany"]
[Date "2004.01.11"]
[Round "5.3"]
[White "Pieper Emden, Carsten"]
[Black "Meyer, Armin"]
[Result "1/2-1/2"]
[WhiteElo "2320"]
[BlackElo "2289"]
[PlyCount "45"]
[EventDate "2003.09.28"]
[EventType "team"]
[EventRounds "9"]
[EventCountry "GER"]
[SourceTitle "CBM 098 Extra"]
[Source "ChessBase"]
[SourceDate "2004.03.10"]
[SourceVersion "2"]
[SourceVersionDate "2004.03.10"]
[SourceQuality "1"]
[WhiteTeam "Herford"]
[BlackTeam "Katernberg II"]
[WhiteTeamCountry "GER"]
[BlackTeamCountry "GER"]

1. d4 d5 2. Nf3 Nf6 3. Bf4 Bg4 4. Ne5 Bh5 5. c3 c6 6. Qb3 Qb6 7. h3 Nbd7 8. g4 Bg6 9. Nxg6 hxg6 10. Bg2 Ne4 11. f3 Nd6 12. Nd2 e6 13. e4 Qxb3 14. axb3 f5 15. 0-0 a6 16. Rae1 Kf7 17. Re2 Re8 18. b4 Nb5 19. exd5 exd5 20. Rxe8 Kxe8 21. Re1+ Kf7 22. Bf1 Bd6 23. Bxd6 1/2-1/2

[Event "Oberliga NRW 0203 II"]
[Site "Germany"]
[Date "2003.01.19"]
[Round "5.5"]
[White "Ahn, Martin"]
[Black "Meyer, Armin"]
[Result "1/2-1/2"]
[WhiteElo "2297"]
[BlackElo "2271"]
[PlyCount "39"]
[EventDate "2002.10.06"]
[EventType "team"]
[EventRounds "9"]
[EventCountry "GER"]
[SourceTitle "EXT 2004"]
[Source "ChessBase"]
[SourceDate "2003.11.25"]
[SourceVersion "1"]
[SourceVersionDate "2003.11.25"]
[SourceQuality "1"]
[WhiteTeam "Gelsenkirchen"]
[BlackTeam "Katernberg II"]
[WhiteTeamCountry "GER"]
[BlackTeamCountry "GER"]

1. e4 e5 2. Nf3 Nc6 3. Bb5 g6 4. d4 exd4 5. Bg5 Be7 6. Bxe7 Qxe7 7. 0-0 Qb4 8. Bxc6 dxc6 9. Qxd4 Qxd4 10. Nxd4 Bd7 11. Nc3 Ne7 12. f4 0-0-0 13. Rae1 Bg4 14. Nf3 Bxf3 15. Rxf3 Rd2 16. Rf2 Rd4 17. g3 Re8 18. e5 a5 19. Ne4 h6 20. Kg2 1/2-1/2

[Event "Oberliga NRW 0203 II"]
[Site "Germany"]
[Date "2003.01.05"]
[Round "4.4"]
[White "Hubert, Ralf"]
[Black "Meyer, Armin"]
[Result "0-1"]
[WhiteElo "2347"]
[BlackElo "2271"]
[PlyCount "114"]
[EventDate "2002.10.06"]
[EventType "team"]
[EventRounds "9"]
[EventCountry "GER"]
[SourceTitle "EXT 2004"]
[Source "ChessBase"]
[SourceDate "2003.11.25"]
[SourceVersion "1"]
[SourceVersionDate "2003.11.25"]
[SourceQuality "1"]
[WhiteTeam "Solingen II"]
[BlackTeam "Katernberg II"]
[WhiteTeamCountry "GER"]
[BlackTeamCountry "GER"]

1. d4 d5 2. c4 c6 3. Nc3 Nf6 4. Nf3 dxc4 5. e4 b5 6. e5 Nd5 7. a4 e6 8. axb5 Nxc3 9. bxc3 cxb5 10. Ng5 Bb7 11. Qh5 g6 12. Qg4 Be7 13. h4 h5 14. Qg3 Bd5 15. Ba3 Bxg5 16. hxg5 Nc6 17. Bc5 a5 18. Qe3 b4 19. f3 bxc3 20. Qxc3 Qxg5 21. Rb1 Qg3+ 22. Ke2 f6 23. Rh3 Qg5 24. Kf2 fxe5 25. Bxc4 exd4 26. Bxd4 Nxd4 27. Rg3 Qh4 28. Rd1 Nf5 29. Qxh8+ Ke7 30. Qh7+ Kd6 31. Bxd5 Qxg3+ 32. Kg1 exd5 33. Qb7 Rf8 34. Qxd5+ Ke7 35. Qxa5 Kf6 36. Rd7 Qe5 37. Rd5 Qe3+ 38. Kh2 Re8 39. Qa1+ Kg5 40. Rd1 Qe5+ 41. Qxe5 Rxe5 42. Kh3 h4 43. Ra1 Rd5 44. Rb1 Rd4 45. Ra1 Kf4 46. Rb1 g5 47. Ra1 Ne3 48. Ra8 Rd1 49. Rf8+ Ke5 50. Re8+ Kf5 51. g4+ Kf4 52. Rf8+ Ke5 53. Kh2 Rd2+ 54. Kg1 Rg2+ 55. Kh1 Rb2 56. Kg1 Rb4 57. Kf2 Nxg4+ 0-1

[Event "Ruhrgebiet Regionalliga 0001"]
[Site "Ruhrgebiet"]
[Date "2001.05.13"]
[Round "10"]
[White "Joergens, Markus"]
[Black "Meyer, Armin"]
[Result "0-1"]
[WhiteElo "2103"]
[BlackElo "2244"]
[PlyCount "80"]
[EventDate "2000.09.17"]
[EventType "team-tourn"]
[EventRounds "11"]
[EventCountry "GER"]
[SourceTitle "EXT 2024"]
[Source "ChessBase"]
[SourceDate "2023.10.10"]
[SourceVersion "1"]
[SourceVersionDate "2023.10.10"]
[SourceQuality "1"]
[WhiteTeam "Oberhausen SV"]
[BlackTeam "Katernberg SF II"]
[WhiteTeamCountry "GER"]
[BlackTeamCountry "GER"]

1. Nf3 d5 2. c4 c6 3. d4 e6 4. Qc2 f5 5. Bf4 Nf6 6. e3 Be7 7. Nc3 0-0 8. h3 Ne4 9. Be2 a6 10. 0-0 Bd7 11. Ne5 Be8 12. Nxe4 fxe4 13. f3 exf3 14. Rxf3 Nd7 15. Bd3 h6 16. Qf2 Bh4 17. g3 Bf6 18. Rf1 Bxe5 19. Bxe5 Rxf3 20. Qxf3 Qe7 21. Bc7 Rc8 22. Ba5 Nf6 23. a3 c5 24. dxc5 Qxc5 25. Bb4 Qc6 26. cxd5 Qxd5 27. e4 Qd4+ 28. Kh2 Qxb2+ 29. Rf2 Qd4 30. Qe2 Bh5 31. g4 Qe5+ 32. Kg2 Bg6 33. Kf3 Rd8 34. Bb1 Nh7 35. h4 Rc8 36. Qd2 Nf6 37. Re2 h5 38. g5 Ng4 39. Bd6 Rc3+ 40. Bd3 Qd4 0-1

[Event "Ruhrgebiet Regionalliga 0001"]
[Site "Ruhrgebiet"]
[Date "2001.03.18"]
[Round "7"]
[White "Duengen, Wolfgang"]
[Black "Meyer, Armin"]
[Result "0-1"]
[WhiteElo "2081"]
[BlackElo "2244"]
[PlyCount "120"]
[EventDate "2000.09.17"]
[EventType "team-tourn"]
[EventRounds "11"]
[EventCountry "GER"]
[SourceTitle "EXT 2024"]
[Source "ChessBase"]
[SourceDate "2023.10.10"]
[SourceVersion "1"]
[SourceVersionDate "2023.10.10"]
[SourceQuality "1"]
[WhiteTeam "Dortmund Hansa II"]
[BlackTeam "Katernberg SF II"]
[WhiteTeamCountry "GER"]
[BlackTeamCountry "GER"]

1. d4 d5 2. c4 c6 3. cxd5 cxd5 4. Nf3 Nc6 5. Nc3 Nf6 6. Bf4 Nh5 7. Bg3 Nxg3 8. hxg3 g6 9. e3 Bg7 10. Bd3 0-0 11. a3 e5 12. dxe5 Nxe5 13. Nxe5 Bxe5 14. 0-0 d4 15. exd4 Qxd4 16. Qc2 Qc5 17. Rac1 Bxg3 18. b4 Qb6 19. Nd5 Qd4 20. Be4 Bd6 21. Rcd1 Qe5 22. f4 Qg7 23. Nc7 Bxc7 24. Qxc7 Bg4 25. Bf3 Bxf3 26. Rxf3 Rab8 27. f5 g5 28. f6 Qg6 29. Rd5 h6 30. Qd6 Rbe8 31. Rdf5 Re1+ 32. Rf1 Rxf1+ 33. Rxf1 Qe4 34. Rd1 Re8 35. Qd7 Qe6 36. Qxe6 Rxe6 37. Rd8+ Kh7 38. Rd7 Kg6 39. Rxb7 Ra6 40. b5 Rxa3 41. b6 axb6 42. Rxb6 Ra5 43. g3 Rf5 44. Kg2 Rxf6 45. Rb8 Rd6 46. Rb5 f5 47. Rb8 Rd4 48. Kh3 Rd6 49. Rb5 Rf6 50. Rb4 Re6 51. Rb5 Re2 52. Rb6+ Kh5 53. g4+ fxg4+ 54. Kg3 Re3+ 55. Kg2 Re8 56. Kg3 Rg8 57. Rf6 Rg6 58. Rf8 Rd6 59. Rh8 Rd3+ 60. Kg2 Kg6 0-1

[Event "BL2-West 9899"]
[Site "Germany"]
[Date "1999.03.07"]
[Round "7.6"]
[White "Meyer, Armin"]
[Black "Burkart, Patrick"]
[Result "1/2-1/2"]
[WhiteElo "2285"]
[BlackElo "2374"]
[PlyCount "47"]
[EventDate "1998.10.??"]
[EventType "team-tourn"]
[EventRounds "9"]
[EventCountry "GER"]
[SourceTitle "GER-chT2"]
[Source "ChessBase"]
[SourceDate "1999.07.01"]
[SourceVersion "1"]
[SourceVersionDate "1999.07.01"]
[SourceQuality "1"]
[WhiteTeam "Katernberg"]
[BlackTeam "Andernach"]
[WhiteTeamCountry "GER"]
[BlackTeamCountry "GER"]

1. c4 g6 2. Nc3 Bg7 3. d4 c5 4. Nf3 cxd4 5. Nxd4 Nc6 6. Nc2 Bxc3+ 7. bxc3 Qa5 8. e4 Qxc3+ 9. Bd2 Qe5 10. Bd3 Qc7 11. Bc3 Nf6 12. 0-0 d6 13. Ne3 Ne5 14. Rc1 0-0 15. h3 b6 16. Nd5 Nxd5 17. cxd5 Nxd3 18. Qxd3 Qd7 19. f4 f6 20. e5 Qa4 21. Qd2 Ba6 22. Rfe1 fxe5 23. fxe5 Qf4 24. Qxf4 1/2-1/2

[Event "BL2-West 9899"]
[Site "Germany"]
[Date "1998.12.13"]
[Round "3.7"]
[White "Bruch, Ingo"]
[Black "Meyer, Armin"]
[Result "1/2-1/2"]
[WhiteElo "2325"]
[BlackElo "2295"]
[PlyCount "96"]
[EventDate "1998.10.??"]
[EventType "team-tourn"]
[EventRounds "9"]
[EventCountry "GER"]
[SourceTitle "GER-chT2"]
[Source "ChessBase"]
[SourceDate "1999.07.01"]
[SourceVersion "1"]
[SourceVersionDate "1999.07.01"]
[SourceQuality "1"]
[WhiteTeam "Saarbruecken"]
[BlackTeam "Katernberg"]
[WhiteTeamCountry "GER"]
[BlackTeamCountry "GER"]

1. d4 d5 2. c4 c6 3. Nf3 Nf6 4. Nc3 dxc4 5. a4 Bf5 6. e3 e6 7. a5 Nbd7 8. Bxc4 Bb4 9. Qb3 Qe7 10. Ra4 Bd6 11. Qxb7 0-0 12. Qb3 c5 13. 0-0 Rfc8 14. Re1 Rab8 15. Qd1 Bg4 16. Be2 Rb4 17. h3 Bh5 18. Na2 Rbb8 19. dxc5 Bxc5 20. Rc4 Rd8 21. Qc2 Bg6 22. Qa4 Bb1 23. Nc3 Bg6 24. Rd1 Rdc8 25. e4 Bd6 26. Bg5 Rxc4 27. Qxc4 Ne5 28. Nxe5 Bxe5 29. f4 Bxc3 30. bxc3 Qb7 31. Bxf6 gxf6 32. Bf3 Rc8 33. Qd4 Qc7 34. Qxf6 Qxa5 35. h4 h5 36. f5 exf5 37. Rd5 Qa1+ 38. Rd1 Qa5 39. Rd5 Qa1+ 40. Kh2 f4 41. Bxh5 Qe1 42. Qxf4 Qxe4 43. Qxe4 Bxe4 44. Rd4 Bg6 45. Bf3 Rxc3 46. Ra4 Rc7 47. Kg3 Bc2 48. Rg4+ Kh7 1/2-1/2